| 000 | 00975nam a2200241 a 4500 | ||
|---|---|---|---|
| 005 | 20210223124502.0 | ||
| 008 | 011023s1991 r 000 0 eng d | ||
| 020 | _a9682934974(Volumen 1) | ||
| 020 | _a9682934826(Volumen 2) | ||
| 035 | _aUPN01000113379 | ||
| 049 | _aCG | ||
| 050 | 4 |
_aF1391 G9 _bL4.3 |
|
| 245 | 0 | 0 |
_aLecturas históricas de Guadalajara / _ccomp. José María Muriá. |
| 260 |
_aMéxico : _bINAH : _bGobierno del Estado de Jalisco, _c1991. |
||
| 300 | _a2 v. | ||
| 440 | 0 | _aRegiones de México | |
| 500 | _a"Edición conmemorativa del 450 Aniversario de la Fundación de la Ciudad de Guadalajara" | ||
| 505 | 8 |
_aContenido : _gv.1. _tGeneralidades históricas sobre la fundación y los primeros años de Guadalajara -- _gv.2. _tSociedad y costumbres |
|
| 651 | 4 |
_aGUADALAJARA, JALISCO - _xHISTORIA - _vFUENTES |
|
| 651 | 4 |
_aGUADALAJARA, JALISCO - _xVIDA SOCIAL Y COSTUMBRES _925876 |
|
| 700 | 1 |
_aMuriá, José María, _d1942- _ecomp. _929570 |
|
| 905 | _aLibro | ||
| 999 |
_c87287 _d87287 |
||